[Event "Olympiad w"]
[Site "Dresden GER"]
[Date "2008.11.21"]
[Round "8"]
[White "Smith, H."]
[Black "Klimets, E."]
[Result "1/2-1/2"]
[WhiteElo "2057"]
[BlackElo "2129"]
[PlyCount "107"]
[EventDate "2008.11.13"]
[EventType "team"]
[EventRounds "11"]
[EventCountry "GER"]
[Source "Mark Crowther"]
[SourceDate "2008.11.24"]

1. e4 d6 2. d4 Nf6 3. Nc3 g6 4. Nf3 Bg7 5. Be2 O-O 6. O-O Bg4 7. Be3 Nc6 8. d5
Bxf3 9. Bxf3 Ne5 10. Be2 c6 11. f4 Ned7 12. dxc6 bxc6 13. Qd3 Qa5 14. a3 Rab8
15. b4 Qc7 16. Rab1 Rfc8 17. Nd1 a5 18. c4 axb4 19. axb4 Ra8 20. Bf3 Ra4 21.
Qc2 Ra3 22. Rb3 Rxb3 23. Qxb3 Rb8 24. Nc3 Nc5 25. Qa3 Nd3 26. Na2 Nb2 27. Qxb2
Ng4 28. Bd4 e5 29. fxe5 Nxe5 30. Qf2 Ra8 31. Ra1 c5 32. bxc5 dxc5 33. Bc3 Ra3
34. Qb2 Nxc4 35. Qc1 Bxc3 36. Nxc3 Rb3 37. Rb1 Rb4 38. Be2 Qe5 39. Nb5 Rxb1 40.
Qxb1 Nd2 41. Qe1 Qb2 42. Bf1 c4 43. Qf2 c3 44. Nd6 Qb3 45. g3 Nxf1 46. Ne8 c2
47. Nf6+ Kg7 48. Ng4 h5 49. Qd4+ Kh7 50. Nf6+ Kh6 51. Ng8+ Kh7 52. Nf6+ Kh6 53.
Ng4+ Kh7 54. Nf6+ 1/2-1/2

[Event "Olympiad w"]
[Site "Dresden GER"]
[Date "2008.11.16"]
[Round "4"]
[White "Smith, H."]
[Black "Lauterbach, I."]
[Result "0-1"]
[WhiteElo "2057"]
[BlackElo "2178"]
[PlyCount "134"]
[EventDate "2008.11.13"]
[EventType "team"]
[EventRounds "11"]
[EventCountry "GER"]
[Source "Mark Crowther"]
[SourceDate "2008.11.17"]

1. e4 d6 2. Nc3 e5 3. Nf3 Bg4 4. Be2 Nf6 5. d4 Nbd7 6. Bg5 Be7 7. Qd2 h6 8. Be3
Bh5 9. h3 Bg6 10. Bd3 c6 11. dxe5 dxe5 12. O-O O-O 13. Qe2 Qc7 14. Nh4 Bh7 15.
Qf3 Nc5 16. Nf5 Bxf5 17. Qxf5 Nxd3 18. cxd3 Rad8 19. Rfd1 Rd7 20. d4 exd4 21.
Bxd4 Rfd8 22. Be3 Rxd1+ 23. Rxd1 Rxd1+ 24. Nxd1 Nd7 25. f4 g6 26. Qg4 Nf6 27.
Qf3 Qa5 28. Nc3 Qb4 29. e5 Nd7 30. Qf2 Bc5 31. Bxc5 Nxc5 32. f5 Nd3 33. Qxa7
Qxb2 34. Qd4 Qc1+ 35. Kh2 Qf4+ 36. Qxf4 Nxf4 37. Ne4 Nd3 38. fxg6 fxg6 39. Nd6
b5 40. e6 Kf8 41. Kg3 Ke7 42. Nf7 h5 43. Ng5 b4 44. Kf3 Nc1 45. Ke3 Nxa2 46.
Kd2 c5 47. Kd3 b3 48. Ne4 b2 49. Kc2 Nb4+ 50. Kxb2 Na6 51. Kc3 Kxe6 52. Kc4 Ke5
53. Nd2 Kf4 54. Nf1 h4 55. Kb5 Nb4 56. Kxc5 Nd3+ 57. Kd4 Ne1 58. Nd2 Nxg2 59.
Ne4 Ne1 60. Kd5 Nf3 61. Nc5 Kf5 62. Ne4 Ng1 63. Nf2 g5 64. Kd6 Nxh3 65. Nxh3 g4
66. Nf2 g3 67. Nh3 Kg4 0-1

[Event "Olympiad w"]
[Site "Dresden GER"]
[Date "2008.11.13"]
[Round "1"]
[White "Smith, H."]
[Black "Linares Napoles, O."]
[Result "0-1"]
[WhiteElo "2057"]
[BlackElo "2262"]
[PlyCount "82"]
[EventDate "2008.11.13"]
[EventType "team"]
[EventRounds "11"]
[EventCountry "GER"]
[Source "Mark Crowther"]
[SourceDate "2008.11.17"]

1. e4 d6 2. d4 Nf6 3. Nc3 g6 4. f4 Bg7 5. Nf3 c5 6. d5 O-O 7. Bd3 e6 8. O-O
exd5 9. exd5 Bg4 10. f5 Nbd7 11. fxg6 hxg6 12. Be2 Bxf3 13. Rxf3 Re8 14. Qf1
Re5 15. Bf4 a6 16. Bxe5 Nxe5 17. Rf4 b5 18. Rd1 Ra7 19. a3 Rc7 20. g4 Nh7 21.
Qh3 Nd7 22. Rxf7 Kxf7 23. Qxh7 Nf8 24. Rf1+ Ke8 25. Qh3 Qg5 26. Qf3 Re7 27. Ne4
Qe5 28. Bd3 c4 29. Rc1 Kd8 30. Qg3 Qxg3+ 31. hxg3 cxd3 32. cxd3 Rc7 33. Rf1 Ke7
34. Ng5 Bf6 35. Re1+ Kd7 36. Nf7 Bxb2 37. Re2 Bxa3 38. d4 Rc4 39. Rh2 Rxd4 40.
Rh8 Ke7 41. Ng5 Rxd5 0-1

[Event "Olympiad w"]
[Site "Dresden GER"]
[Date "2008.11.25"]
[Round "11"]
[White "Coimbra, M."]
[Black "Barron, I."]
[Result "1-0"]
[WhiteElo "2105"]
[BlackElo "2071"]
[PlyCount "79"]
[EventDate "2008.11.13"]
[EventType "team"]
[EventRounds "11"]
[EventCountry "GER"]
[Source "Mark Crowther"]
[SourceDate "2008.12.01"]

1. e4 c5 2. c3 d6 3. d4 cxd4 4. cxd4 g6 5. Nc3 Bg7 6. Nf3 Nf6 7. Bc4 O-O 8. O-O
a6 9. a4 Nc6 10. Qe2 Bg4 11. Qe3 Bxf3 12. gxf3 e5 13. dxe5 Nxe5 14. Be2 Qc7 15.
Rd1 Rfe8 16. Qd4 Rad8 17. Be3 Qd7 18. Kg2 Qe6 19. Nd5 Nxd5 20. Qxd5 Qe7 21.
Rac1 Rd7 22. b4 Nc6 23. b5 Nb4 24. Qb3 a5 25. Bc4 Qd8 26. Bd5 Be5 27. f4 Bg7
28. Kg3 h6 29. Bd4 Bxd4 30. Rxd4 Qf6 31. Rcd1 Rc7 32. Rc4 Nxd5 33. Rxd5 Rec8
34. Rxc7 Rxc7 35. Rd3 g5 36. fxg5 hxg5 37. Qd5 Qf4+ 38. Kg2 Rc2 39. Rf3 Qd2 40.
Rg3 1-0

[Event "Olympiad w"]
[Site "Dresden GER"]
[Date "2008.11.16"]
[Round "4"]
[White "Grigoryan Lyell, M."]
[Black "Barron, I."]
[Result "0-1"]
[WhiteElo "2076"]
[BlackElo "2071"]
[PlyCount "82"]
[EventDate "2008.11.13"]
[EventType "team"]
[EventRounds "11"]
[EventCountry "GER"]
[Source "Mark Crowther"]
[SourceDate "2008.11.17"]

1. d4 Nf6 2. c4 c5 3. d5 d6 4. Qc2 e5 5. Nc3 g6 6. e4 Bg7 7. h3 O-O 8. Bg5 h6
9. Be3 Na6 10. g4 Ne8 11. Qd2 Kh7 12. Nge2 Nac7 13. Ng3 Rb8 14. a3 a6 15. b4 b6
16. Rb1 Bd7 17. Bd3 cxb4 18. axb4 a5 19. bxa5 bxa5 20. Bb6 a4 21. Bc2 Qc8 22.
c5 dxc5 23. Bxc5 Rxb1+ 24. Bxb1 Rg8 25. Ba3 Nb5 26. Nxb5 Bxb5 27. Bd3 Qa6 28.
Ke2 Nd6 29. Bxd6 Bxd3+ 30. Qxd3 Qxd6 31. Rc1 Ra8 32. Rc6 Qb4 33. Rc4 Qb5 34.
Rc2 Qb1 35. Rd2 Qb6 36. d6 a3 37. Qd5 Qa6+ 38. Kf3 a2 39. d7 a1=Q 40. d8=Q Rxd8
41. Qxd8 Qf6+ 0-1

[Event "Olympiad w"]
[Site "Dresden GER"]
[Date "2008.11.19"]
[Round "6"]
[White "Mendoza Velazquez, L."]
[Black "Barron, I."]
[Result "1/2-1/2"]
[WhiteElo "2015"]
[BlackElo "2071"]
[PlyCount "156"]
[EventDate "2008.11.13"]
[EventType "team"]
[EventRounds "11"]
[EventCountry "GER"]
[Source "Mark Crowther"]
[SourceDate "2008.11.24"]

1. Nf3 d5 2. g3 Nf6 3. Bg2 g6 4. O-O Bg7 5. c4 c6 6. d4 O-O 7. Nc3 Ne4 8. e3
Nxc3 9. bxc3 dxc4 10. Nd2 Nd7 11. Nxc4 Nb6 12. Nd2 e5 13. Nb3 Re8 14. Qc2 Be6
15. Nc5 Bc4 16. Rd1 Qc7 17. a4 Nd7 18. Ne4 f5 19. Nd2 Bf7 20. Bb2 e4 21. c4 c5
22. Rac1 Rac8 23. Nb3 cxd4 24. Bxd4 Ne5 25. c5 Nd3 26. Rb1 b6 27. Bf1 bxc5 28.
Bxg7 Kxg7 29. Bxd3 exd3 30. Qxd3 c4 31. Qc3+ Qe5 32. Nd4 Bd5 33. Nb5 Be4 34.
Rbc1 Qxc3 35. Nxc3 Bd3 36. Nb5 Rf8 37. Rc3 a6 38. Nd4 Kf6 39. Nc2 Rb8 40. Ne1
Rb4 41. Nxd3 cxd3 42. Rc6+ Kg7 43. Rxa6 Rd8 44. Rc6 Rxa4 45. Rc3 Kf6 46. Rcxd3
Rxd3 47. Rxd3 Ra6 48. Rd7 h5 49. h4 Rb6 50. Rd5 Ra6 51. Kg2 Rb6 52. Kf3 Ra6 53.
Kf4 Ra4+ 54. Rd4 Ra6 55. f3 Rb6 56. e4 fxe4 57. fxe4 Rb3 58. Rd6+ Kf7 59. Rd5
Ra3 60. Rd7+ Ke6 61. Rb7 Rc3 62. Rb5 Ra3 63. Rb4 Rc3 64. Ra4 Rb3 65. e5 Rc3 66.
Ra6+ Kf7 67. Rb6 Ra3 68. Rb4 Ke6 69. g4 hxg4 70. Rb6+ Kf7 71. Rf6+ Kg7 72. Kxg4
Re3 73. Kf4 Rh3 74. Kg4 Re3 75. Re6 Kf7 76. Rf6+ Kg7 77. Re6 Kf7 78. Rf6+ Kg7
1/2-1/2

[Event "Olympiad w"]
[Site "Dresden GER"]
[Date "2008.11.20"]
[Round "7"]
[White "Novak, Ks"]
[Black "Barron, I."]
[Result "1-0"]
[WhiteElo "2163"]
[BlackElo "2071"]
[PlyCount "81"]
[EventDate "2008.11.13"]
[EventType "team"]
[EventRounds "11"]
[EventCountry "GER"]
[Source "Mark Crowther"]
[SourceDate "2008.11.24"]

1. e4 c5 2. Nf3 Nc6 3. d4 cxd4 4. Nxd4 Nf6 5. Nc3 d6 6. Bc4 e6 7. Be3 Be7 8.
Bb3 O-O 9. Qe2 a6 10. f4 Na5 11. O-O-O Nxb3+ 12. axb3 Qc7 13. g4 b5 14. g5 Nd7
15. f5 b4 16. Na4 e5 17. Nf3 Bb7 18. f6 gxf6 19. gxf6 Bxf6 20. Bh6 Kh8 21. Bxf8
Nxf8 22. Rhe1 Rc8 23. Kb1 Ne6 24. Qf2 Nf4 25. Rd2 Be7 26. Nb6 Rg8 27. Nd5 Nxd5
28. exd5 f5 29. Rg1 Rxg1+ 30. Qxg1 Bf6 31. Qg3 Qf7 32. Ng5 Qh5 33. Ne6 f4 34.
Qd3 Qg6 35. Qc4 Qg1+ 36. Ka2 Qb6 37. Qe4 Qe3 38. Qxb4 h6 39. Rd3 Qa7 40. Qxd6
Qa8 41. Nxf4 1-0

[Event "Olympiad w"]
[Site "Dresden GER"]
[Date "2008.11.21"]
[Round "8"]
[White "Berlin, T."]
[Black "Kagramanov, D."]
[Result "1-0"]
[WhiteElo "2218"]
[BlackElo "2118"]
[PlyCount "53"]
[EventDate "2008.11.13"]
[EventType "team"]
[EventRounds "11"]
[EventCountry "GER"]
[Source "Mark Crowther"]
[SourceDate "2008.11.24"]

1. e4 c5 2. Nc3 Nc6 3. f4 g6 4. Nf3 Bg7 5. Bc4 e6 6. O-O Nge7 7. d3 d6 8. Kh1
a6 9. a4 O-O 10. Qe1 Nd4 11. Nxd4 cxd4 12. Ne2 Nc6 13. Ng1 Bd7 14. Nf3 Qc7 15.
Bd2 Rfe8 16. Qh4 Na5 17. Ba2 b5 18. f5 exf5 19. Ng5 h6 20. Nxf7 Kf8 21. exf5
gxf5 22. Nxh6 Re5 23. Qh5 Be8 24. Rxf5+ Ke7 25. Qg5+ Kd7 26. Qxg7+ Re7 27. Qg4
1-0

[Event "Olympiad w"]
[Site "Dresden GER"]
[Date "2008.11.19"]
[Round "6"]
[White "Hernandez Guerrero, Y."]
[Black "Kagramanov, D."]
[Result "0-1"]
[WhiteElo "2228"]
[BlackElo "2118"]
[PlyCount "58"]
[EventDate "2008.11.13"]
[EventType "team"]
[EventRounds "11"]
[EventCountry "GER"]
[Source "Mark Crowther"]
[SourceDate "2008.11.24"]

1. d4 d5 2. Nf3 Nf6 3. c4 e6 4. e3 Nbd7 5. Nc3 c6 6. cxd5 exd5 7. Bd3 Be7 8.
Qc2 O-O 9. g4 g6 10. h3 Re8 11. Bd2 Bf8 12. O-O-O b5 13. g5 Nh5 14. Ne5 Nxe5
15. dxe5 b4 16. Ne2 c5 17. Bb5 Rxe5 18. Nf4 Bf5 19. Qa4 a6 20. Bc6 Nxf4 21.
exf4 Re4 22. b3 Rc8 23. Be3 c4 24. Rxd5 Qc7 25. Rxf5 Rxe3 26. fxe3 gxf5 27. Bd5
cxb3+ 28. Kd1 Qc1+ 29. Ke2 Rc2+ 0-1

[Event "Olympiad w"]
[Site "Dresden GER"]
[Date "2008.11.13"]
[Round "1"]
[White "Pina Vega, S."]
[Black "Kagramanov, D."]
[Result "1-0"]
[WhiteElo "2286"]
[BlackElo "2118"]
[PlyCount "109"]
[EventDate "2008.11.13"]
[EventType "team"]
[EventRounds "11"]
[EventCountry "GER"]
[Source "Mark Crowther"]
[SourceDate "2008.11.17"]

1. e4 c5 2. Nf3 e6 3. d3 Nc6 4. g3 g6 5. Bg2 Bg7 6. O-O Nge7 7. c3 O-O 8. Be3
d6 9. d4 cxd4 10. Nxd4 a6 11. Nxc6 Nxc6 12. Nd2 b5 13. f4 Qc7 14. Qe2 Rb8 15.
Rad1 Re8 16. Nf3 Na5 17. Bc1 Bb7 18. Rfe1 Rbd8 19. Qf2 Rc8 20. f5 exf5 21. exf5
Qc5 22. fxg6 hxg6 23. Be3 Qf5 24. Bf4 Nc4 25. b3 Bxf3 26. Rxe8+ Rxe8 27. Bxf3
Ne5 28. Bxe5 dxe5 29. Bd5 Qxf2+ 30. Kxf2 Bf8 31. c4 Bc5+ 32. Ke2 Bd4 33. Rf1
Re7 34. Rf6 Ra7 35. Rxg6+ Kf8 36. Rc6 b4 37. h4 Kg7 38. h5 f6 39. g4 a5 40. Rc8
a4 41. Rg8+ Kh7 42. Rb8 axb3 43. axb3 Bc5 44. Rb5 Rc7 45. Kf3 Kh6 46. Rb8 Rg7
47. Rc8 Bd6 48. c5 Bc7 49. Be6 Ba5 50. Ke4 Kg5 51. Ra8 Bc7 52. Bf5 Kh6 53. Rh8+
Kg5 54. h6 Re7 55. h7 1-0

[Event "Olympiad w"]
[Site "Dresden GER"]
[Date "2008.11.22"]
[Round "9"]
[White "Han Wong, Ir"]
[Black "Smith, H."]
[Result "1-0"]
[WhiteElo "2098"]
[BlackElo "2057"]
[PlyCount "107"]
[EventDate "2008.11.13"]
[EventType "team"]
[EventRounds "11"]
[EventCountry "GER"]
[Source "Mark Crowther"]
[SourceDate "2008.11.24"]

1. d4 e6 2. c4 Nf6 3. a3 b6 4. Nc3 Bb7 5. d5 Qe7 6. Nf3 exd5 7. cxd5 Ne4 8. e3
g6 9. Qd4 Nf6 10. e4 Bg7 11. Bd3 c5 12. Qe3 O-O 13. h3 Re8 14. O-O d6 15. Nd2
Nfd7 16. Qg3 Ne5 17. Be2 f6 18. Kh1 Na6 19. Bb5 Rf8 20. f4 Nf7 21. Re1 Nc7 22.
Bc4 a6 23. a4 Qd7 24. Qd3 Rab8 25. Ra3 Rfe8 26. Nf3 Bc8 27. Rb3 Kh8 28. Bd2 Re7
29. Re2 Qe8 30. Be1 Qd7 31. Bg3 g5 32. fxg5 Nxg5 33. Nxg5 fxg5 34. e5 Bxe5 35.
Bxe5+ Rxe5 36. Rxe5 dxe5 37. d6 Ne6 38. Qf5 Qxd6 39. Qf6+ Kg8 40. Ne4 Qf8 41.
Qxe5 Qf4 42. Bxe6+ Bxe6 43. Qxe6+ Kh8 44. Qf6+ Qxf6 45. Nxf6 b5 46. axb5 Rxb5
47. Rxb5 axb5 48. Ne4 Kg7 49. Kg1 Kg6 50. Nxc5 Kf5 51. Kf2 Ke5 52. Ke3 Kd5 53.
Ne4 b4 54. b3 1-0

[Event "Olympiad w"]
[Site "Dresden GER"]
[Date "2008.11.25"]
[Round "11"]
[White "Pintor, A."]
[Black "Yuan, Yuanling"]
[Result "0-1"]
[WhiteElo "2152"]
[BlackElo "2157"]
[PlyCount "34"]
[EventDate "2008.11.13"]
[EventType "team"]
[EventRounds "11"]
[EventCountry "GER"]
[Source "Mark Crowther"]
[SourceDate "2008.12.01"]

1. e4 c5 2. Nf3 d6 3. d4 cxd4 4. Nxd4 Nf6 5. Nc3 g6 6. g3 Nc6 7. Nde2 b6 8. Bg2
Bb7 9. O-O Bg7 10. Re1 O-O 11. Nd5 Nd7 12. c3 h6 13. Be3 e6 14. Ndf4 Nde5 15.
Nd4 Qe7 16. Qc1 g5 17. Nxc6 Nxc6 0-1

[Event "Olympiad w"]
[Site "Dresden GER"]
[Date "2008.11.20"]
[Round "7"]
[White "Krivec, J."]
[Black "Yuan, Yuanling"]
[Result "1-0"]
[WhiteElo "2345"]
[BlackElo "2157"]
[PlyCount "87"]
[EventDate "2008.11.13"]
[EventType "team"]
[EventRounds "11"]
[EventCountry "GER"]
[Source "Mark Crowther"]
[SourceDate "2008.11.24"]

1. e4 c5 2. Nc3 Nc6 3. Bb5 Nd4 4. Bc4 g6 5. Nf3 Bg7 6. Nxd4 cxd4 7. Qf3 Nf6 8.
Nb5 O-O 9. Nxd4 e6 10. Bb3 d5 11. exd5 e5 12. Nb5 Bg4 13. Qg3 Bh6 14. f3 Bf5
15. Qh4 Bg7 16. Nc3 Re8 17. d3 b5 18. Bg5 Qb6 19. Qf2 Qa5 20. O-O h6 21. Bd2
Rad8 22. Ne4 Qa6 23. Nxf6+ Qxf6 24. Qxa7 g5 25. Qf2 Bg6 26. a4 bxa4 27. Rxa4
Rb8 28. Qe2 Qb6+ 29. Kh1 Qc5 30. Bc3 Qb5 31. Rb4 Qa6 32. Bc4 Qa7 33. Rxb8 Rxb8
34. Re1 f6 35. Qe3 Qa4 36. b3 Qa2 37. Qd2 Qa7 38. Ra1 Qb6 39. Ra6 Qc5 40. Rc6
Qa7 41. d6+ Kh8 42. Ra6 Qb7 43. Ba5 Rc8 44. d7 1-0

[Event "Olympiad w"]
[Site "Dresden GER"]
[Date "2008.11.14"]
[Round "2"]
[White "Da Bosco, C."]
[Black "Yuan, Yuanling"]
[Result "0-1"]
[WhiteElo "1966"]
[BlackElo "2157"]
[PlyCount "102"]
[EventDate "2008.11.13"]
[EventType "team"]
[EventRounds "11"]
[EventCountry "GER"]
[Source "Mark Crowther"]
[SourceDate "2008.11.17"]

1. e4 c5 2. Nc3 Nc6 3. Bb5 Nd4 4. Bc4 g6 5. Nf3 Bg7 6. Nxd4 cxd4 7. Qf3 Nf6 8.
Nb5 O-O 9. Nxd4 Ng4 10. Ne2 Ne5 11. Qb3 Qc7 12. d3 d6 13. Rb1 b5 14. Bd5 Rb8
15. f4 Nd7 16. c3 e6 17. Bxe6 fxe6 18. Qxe6+ Kh8 19. Qh3 Nc5 20. Qe3 d5 21. O-O
dxe4 22. dxe4 Nxe4 23. Nd4 Nd6 24. Bd2 Nf5 25. Nxf5 Bxf5 26. Rbe1 Rbd8 27. Bc1
b4 28. Rf3 bxc3 29. bxc3 Rd3 30. Qe7 Qxe7 31. Rxe7 Rxf3 32. gxf3 Bxc3 33. Be3
a6 34. a4 Bf6 35. Ra7 Bd3 36. Rd7 Rd8 37. Rb7 Bd4 38. Kf2 Bxe3+ 39. Kxe3 Rd6
40. Rc7 Bf5 41. Ra7 Bd7 42. Ke4 Bxa4 43. Ke5 Rb6 44. h4 Bc6 45. f5 gxf5 46. f4
Bb7 47. Kxf5 Kg7 48. Kg5 h6+ 49. Kf5 Kf7 50. h5 Rb5+ 51. Kg4 Kf6 0-1

[Event "Olympiad w"]
[Site "Dresden GER"]
[Date "2008.11.16"]
[Round "4"]
[White "Ciuksyte, D."]
[Black "Yuan, Yuanling"]
[Result "1-0"]
[WhiteElo "2339"]
[BlackElo "2157"]
[PlyCount "97"]
[EventDate "2008.11.13"]
[EventType "team"]
[EventRounds "11"]
[EventCountry "GER"]
[Source "Mark Crowther"]
[SourceDate "2008.11.17"]

1. d4 Nf6 2. c4 g6 3. Nc3 Bg7 4. e4 d6 5. Be2 O-O 6. Nf3 e5 7. O-O Nc6 8. d5
Ne7 9. b4 Nh5 10. Re1 Nf4 11. Bf1 a5 12. bxa5 Rxa5 13. Nd2 c5 14. a4 Ra6 15.
Nb3 f5 16. g3 Nh5 17. f3 Kh8 18. Nb5 f4 19. g4 Nf6 20. h3 Neg8 21. Bd2 Ne8 22.
Re2 h5 23. Be1 Nh6 24. Rg2 hxg4 25. hxg4 Bf6 26. Rh2 Kg7 27. a5 Bg5 28. Be2 Qf6
29. Rh3 Qe7 30. Bf2 Nf6 31. Nxd6 Qxd6 32. Bxc5 Qd8 33. Bxf8+ Qxf8 34. c5 Ra8
35. Qd3 Bd7 36. a6 Rxa6 37. Rxa6 bxa6 38. Qxa6 Qb8 39. Qb6 Qa8 40. c6 Bc8 41.
d6 Nf7 42. d7 Nxd7 43. cxd7 Bxd7 44. Bc4 Bd8 45. Qc5 Qb8 46. Kg2 Be8 47. Rh1
Kf6 48. Qf8 Be7 49. g5+ 1-0

[Event "Olympiad w"]
[Site "Dresden GER"]
[Date "2008.11.21"]
[Round "8"]
[White "Sharevich, A."]
[Black "Khoudgarian, N."]
[Result "1-0"]
[WhiteElo "2322"]
[BlackElo "2149"]
[PlyCount "97"]
[EventDate "2008.11.13"]
[EventType "team"]
[EventRounds "11"]
[EventCountry "GER"]
[Source "Mark Crowther"]
[SourceDate "2008.11.24"]

1. d4 e6 2. Nf3 f5 3. Bf4 Nf6 4. e3 Be7 5. Bd3 b6 6. c4 Bb7 7. Nc3 O-O 8. Qc2
c5 9. d5 Qe8 10. O-O-O Kh8 11. d6 Bd8 12. Ne5 Nc6 13. f3 a6 14. Qe2 Nb4 15. a3
Nxd3+ 16. Nxd3 Bc6 17. Rhg1 b5 18. g4 fxg4 19. fxg4 bxc4 20. Ne5 Bb7 21. g5 Nd5
22. Nxd5 exd5 23. Qg4 Qe6 24. g6 Qxg4 25. Rxg4 Bf6 26. gxh7 Kxh7 27. Nxd7 Rf7
28. Nxf6+ gxf6 29. Rdg1 Kh8 30. Bh6 Rh7 31. Bg7+ Kg8 32. Bxf6+ Kf7 33. Bc3 Bc6
34. Rg7+ Rxg7 35. Rxg7+ Ke6 36. Rg6+ Kf5 37. Rg7 Ke6 38. h4 Rf8 39. Rg6+ Kf5
40. Rg7 Ke4 41. Kd2 Rd8 42. Rg4+ Kf3 43. Rf4+ Kg3 44. Rf7 d4 45. Ba5 dxe3+ 46.
Kxe3 Re8+ 47. Kd2 Rb8 48. d7 Rxb2+ 49. Kc1 1-0

[Event "Olympiad w"]
[Site "Dresden GER"]
[Date "2008.11.22"]
[Round "9"]
[White "Sanchez Castillo, S."]
[Black "Khoudgarian, N."]
[Result "1-0"]
[WhiteElo "2206"]
[BlackElo "2149"]
[PlyCount "71"]
[EventDate "2008.11.13"]
[EventType "team"]
[EventRounds "11"]
[EventCountry "GER"]
[Source "Mark Crowther"]
[SourceDate "2008.11.24"]

1. e4 e6 2. d4 d5 3. Nc3 Bb4 4. exd5 exd5 5. Bd3 Nc6 6. a3 Bxc3+ 7. bxc3 Nge7
8. Qh5 Be6 9. Rb1 b6 10. Nf3 Qd7 11. Ng5 O-O-O 12. O-O Bg4 13. Qh4 Ng6 14. Qg3
Bf5 15. Bb5 Kb7 16. Rb2 f6 17. Nf3 h5 18. h4 Qd6 19. Ne1 a6 20. Ba4 Na5 21. Nd3
Nc4 22. Rb4 Bg4 23. Nf4 Ne7 24. f3 Bf5 25. Re1 g5 26. hxg5 h4 27. Qf2 fxg5 28.
Nxd5 Nxd5 29. Rxc4 b5 30. Rc5 c6 31. c4 bxa4 32. cxd5 cxd5 33. Bxg5 Rdg8 34.
Qd2 h3 35. Qb4+ Qb6 36. Re7+ 1-0

[Event "Olympiad w"]
[Site "Dresden GER"]
[Date "2008.11.15"]
[Round "3"]
[White "Lyons, K."]
[Black "Khoudgarian, N."]
[Result "0-1"]
[WhiteElo "1840"]
[BlackElo "2149"]
[PlyCount "60"]
[EventDate "2008.11.13"]
[EventType "team"]
[EventRounds "11"]
[EventCountry "GER"]
[Source "Mark Crowther"]
[SourceDate "2008.11.17"]

1. e4 e6 2. d4 d5 3. exd5 exd5 4. Nf3 Bd6 5. Nc3 c6 6. Be3 Bg4 7. h3 Bh5 8. Be2
Ne7 9. Qd2 Qc7 10. O-O-O Nd7 11. g4 Bg6 12. Ne1 h5 13. Nd3 O-O-O 14. Nc5 Nf6
15. N3a4 hxg4 16. hxg4 Rde8 17. Qb4 Ne4 18. Qb3 Nxc5 19. Nxc5 Qb6 20. Qc3 Qc7
21. a4 Kb8 22. a5 Nc8 23. Qb4 Ka8 24. Kd2 Bf4 25. Ra1 Bxe3+ 26. fxe3 Nd6 27.
Rxh8 Rxh8 28. Ra3 Rh2 29. Ke1 Nc4 30. Bxc4 Qg3+ 0-1

[Event "Olympiad w"]
[Site "Dresden GER"]
[Date "2008.11.13"]
[Round "1"]
[White "Arribas Robaina, M."]
[Black "Khoudgarian, N."]
[Result "1-0"]
[WhiteElo "2303"]
[BlackElo "2149"]
[PlyCount "43"]
[EventDate "2008.11.13"]
[EventType "team"]
[EventRounds "11"]
[EventCountry "GER"]
[Source "Mark Crowther"]
[SourceDate "2008.11.17"]

1. e4 e6 2. d4 d5 3. Nc3 Bb4 4. exd5 exd5 5. Qf3 Qe7+ 6. Nge2 c6 7. Bd2 Nf6 8.
O-O-O Bg4 9. Qg3 Nbd7 10. f3 Bf5 11. Qxg7 O-O-O 12. Qg5 Bg6 13. Nf4 Bxc3 14.
Bxc3 Qe3+ 15. Kb1 Nh5 16. Bd2 Qxd4 17. Nxh5 Rhg8 18. Qh6 Ne5 19. Nf4 Rde8 20.
Nxg6 hxg6 21. Qf4 Qb6 22. Bc3 1-0